| 000 | 00978nam a22003017a 4500 | ||
|---|---|---|---|
| 003 | CHAP | ||
| 005 | 20220329140252.0 | ||
| 008 | 971013s1976 r 00010 d | ||
| 010 | _a49516 | ||
| 011 | _a50488 | ||
| 035 | _a54638 | ||
| 040 | _cCHAP | ||
| 090 | _aFolleto 7790 | ||
| 100 | 0 | 0 |
_aTorregroza C., Manuel. _9114026 |
| 245 | _aICA H-556; híbrido de maíz para choclos | ||
| 260 |
_aTibaitatá : _bInstituto Colombiano Agropecuario, _c1976 |
||
| 300 |
_a3 h. _b: ilus. |
||
| 590 |
_aBATCH-UPD _b10 _c20130110 _lUCH01 _h0713 |
||
| 590 |
_aBATCH-UPD _b10 _c20130410 _lUCH01 _h0358 |
||
| 590 |
_aBATCH-UPD _b10 _c20130914 _lUCH01 _h1752 |
||
| 590 |
_aCONVERSION _b10 _c20130109 _lUCH01 _h1327 |
||
| 650 | 1 | 4 |
_aMaíz _xHíbridos. _970974 |
| 901 | _aBK | ||
| 942 | _cFOLL | ||
| 949 |
_aFolleto 7790 _bBC _cFOLL _d-120425 _eTS1 _i54638 _mD _si |
||
| 949 |
_aFolleto 7790 _bBC _cFOLL _d-120426 _eTS2 _fc.2 _i54638 _mD _si |
||
| 949 |
_aFolleto 7790 _bBC _cFOLL _d-120427 _eTS2 _fc.3 _i54638 _mD _si |
||
| 999 |
_c49516 _d49516 |
||